Normal view
MARC view
- Moensted, Mette.
Entry Personal Name
001 - CONTROL NUMBER
- control field: 33840
003 - CONTROL NUMBER IDENTIFIER
- control field: OSt
005 - DATE AND TIME OF LATEST TRANSACTION
- control field: 20130930153109.0
008 - FIXED-LENGTH DATA ELEMENTS
- fixed length control field: 130930|| aca||aabn | a|a d
040 ## - CATALOGING SOURCE
- Original cataloging agency: OSt
- Transcribing agency: OSt
100 ## - HEADING--PERSONAL NAME
- Personal name: Moensted, Mette.
670 ## - SOURCE DATA FOUND
- Source citation: Work cat.: (OSt)0: High-tech entrepreneurship :, 2006.